| 000 | 00659nac a22001931u 4500 | ||
|---|---|---|---|
| 010 | _a74000807 | ||
| 020 | _a0074630067 | ||
| 082 | 0 | 0 |
_a669.9 _bA959 |
| 090 |
_c1372 _d1372 |
||
| 100 | _aAvner, Sidney H. | ||
| 245 | 1 | 0 |
_aIntroduction to physical metallurgy _c[by] Sidney H. Avner. |
| 250 | _a2d ed. | ||
| 260 |
_aNew Delhi : _bTata McGraw-Hill Pub. Co., _c[1974] |
||
| 300 |
_aviii, 696 p. _billus. _c23 cm. |
||
| 504 | _aIncludes bibliographies. | ||
| 650 | 0 | _aPhysical metallurgy. | |
| 942 |
_cBB _k669.9A959 |
||
| 999 |
_c1372 _d1372 |
||